| Tag |
First Indicator |
Second Indicator |
Subfields |
| LEADER |
00000cam a22000001a 4500 |
| 001 |
in00003668097 |
| 005 |
20190408174106.0 |
| 006 |
m o d f |
| 007 |
cr bn mmmapmmp |
| 008 |
141126s1931 dcu o f000 0 eng d |
| 035 |
|
|
|a ebd191006454
|
| 040 |
|
|
|a UMI
|c UMI
|d UtOrBLW
|
| 086 |
0 |
|
|a T 54.5:3/2/app.1/rev. 931
|
| 099 |
|
|
|a T54.5-3.3
|
| 110 |
1 |
|
|a United States.
|b Bureau of Industrial Alcohol.
|0 http://id.loc.gov/authorities/names/no2003028417
|
| 245 |
1 |
0 |
|a Appendix to Regulations No. 3 :
|b Formulae for completely and specially denatured alcohol, revised Oct. 1931.
|
| 264 |
|
1 |
|a [Washington] :
|b GPO,
|c 1931.
|
| 300 |
|
|
|a 1 online resource (17 pages)
|
| 336 |
|
|
|a text
|b txt
|2 rdacontent
|
| 337 |
|
|
|a computer
|b c
|2 rdamedia
|
| 338 |
|
|
|a online resource
|b cr
|2 rdacarrier
|
| 533 |
|
|
|a Electronic reproduction.
|b [Bethesda, Md.] :
|c ProQuest,
|d 2014.
|e digital, PDF file.
|n ProQuest U.S. Executive Branch Documents
|n Mode of access: World Wide Web via ProQuest website.
|
| 588 |
|
|
|a Record is based on online resource; title from PDF title page (ProQuest, last viewed Nov. 2014). Reuse except for individual research requires license from ProQuest, LLC.
|
| 500 |
|
|
|a Electronic resource.
|
| 650 |
|
0 |
|a Chemicals.
|0 http://id.loc.gov/authorities/subjects/sh85022963
|
| 650 |
|
0 |
|a Chemistry.
|0 http://id.loc.gov/authorities/subjects/sh85022986
|
| 655 |
|
7 |
|a Electronic books.
|2 local
|
| 856 |
4 |
0 |
|u http://proxy.library.tamu.edu/login?url=http://congressional.proquest.com/congressional/docview/t66.d71.t54.5-3.3
|z Connect to the full text of this electronic document
|t 0
|
| 999 |
f |
f |
|s 7676cce2-f70c-3cab-96de-d768d3d90693
|i 073916a6-68ea-3ada-9e9c-595f6d123c07
|t 0
|
| 952 |
f |
f |
|a Texas A&M University
|b College Station
|c Electronic Resources
|d Available Online
|t 0
|h No information provided
|
| 998 |
f |
f |
|t 0
|l Available Online
|